| 000 | 00497nam a2200097Ia 4500 | ||
|---|---|---|---|
| 008 | 160523s9999 xx 000 0 und d | ||
| 245 | _aSustainable Development - Education, Business and Management - Architecture and Building Construction - Agriculture and Food Security | ||
| 245 | _cEdited by Chaouki Ghenai | ||
| 260 | _c2012 | ||
| 856 | _uhttp://www.intechopen.com/books/sustainable-development-education-business-and-management-architecture-and-building-construction-agriculture-and-food-security | ||
| 999 |
_c294888 _d294888 |
||